| 000 | 00445nam a2200169Ia 4500 | ||
|---|---|---|---|
| 008 | 180207s9999 xx 000 0 und d | ||
| 020 | _a395459923 | ||
| 050 | _bJ939 1989 | ||
| 100 | _aJukes, Mavis | ||
| 245 | _aBlackberries in the dark / | ||
| 245 | _cMavis Jukes ; pictures by Thomas B. Allen. | ||
| 260 | _aBoston : | ||
| 260 | _bHoughton Mifflin Company, | ||
| 260 | _c1989 | ||
| 300 | _a56 pages : | ||
| 300 | _bcolor illustration ; | ||
| 999 |
_c355262 _d355262 |
||